Hauptstädte Quiz - Statistiken

Allgemein
  • Dieses Quiz wurde 154 mal gespielt
  • Das Durchschnittsergebnis liegt bei 13 aus 15
Antwortstatistiken
Hint Antwort % Korrekt
Vereinigtes Königreich London
100%
Österreich Wien
100%
Norwegen Oslo
99%
USA Washington DC
99%
Brasilien Brasilia
96%
Australien Canberra
95%
Indien Neu Delhi
90%
Thailand Bangkok
88%
Neuseeland Wellington
86%
Nordkorea Pjöngjang
85%
Nordmazedonien Skopje
84%
Südafrika Kapstadt
83%
Chile Santiago de Chile
82%
Malaysia Kuala Lumpur
76%
Tuvalu Funafuti
35%
Keine übereinstimmenden Quizze gefunden
Verteilung der Resultate
Anzahl Personen mit jedem Resultat
Perzentil nach korrekt beantworteten Fragen
Ihre Resultats-Entwicklung
Sie haben dieses Quiz noch nicht gespielt